ბათუმის შოთა რუსთაველის სახელმწიფო უნივერსიტეტის ბიბლიოთეკა

Озеленение городов (ბიბ.ჩანაწერი № 45799)

000 -LEADER
fixed length control field 00560nam a2200205Ia 4500
001 - CONTROL NUMBER
control field 12627
003 - CONTROL NUMBER IDENTIFIER
control field GE_BSU
008 - FIXED-LENGTH DATA ELEMENTS--GENERAL INFORMATION
fixed length control field 181216s||||||||xx |||||||||||||| ||und||
040 ## - CATALOGING SOURCE
Transcribing agency GE_BSU
100 ## - MAIN ENTRY--PERSONAL NAME
Personal name Машинский,Л.О.
245 ## - TITLE STATEMENT
Title Озеленение городов
245 ## - TITLE STATEMENT
Statement of responsibility, etc. Под общ.ред.С.И.Вавилов
260 ## - PUBLICATION, DISTRIBUTION, ETC.
Place of publication, distribution, etc. Москва
260 ## - PUBLICATION, DISTRIBUTION, ETC.
Name of publisher, distributor, etc. Изд-во АНСССР
260 ## - PUBLICATION, DISTRIBUTION, ETC.
Date of publication, distribution, etc. 1951
300 ## - PHYSICAL DESCRIPTION
Extent 254стр.илл.
300 ## - PHYSICAL DESCRIPTION
Accompanying material Приложение с.242
653 ## - INDEX TERM--UNCONTROLLED
Uncontrolled term Озеленение городов
942 ## - ADDED ENTRY ELEMENTS (KOHA)
Koha item type წიგნი
ეგზემპლარები
Withdrawn status Lost status Damaged status Not for loan Date acquired Barcode Date last seen Price effective from Koha item type
        2018-12-17 20582 2018-12-17 2018-12-17 წიგნი